Представление документа в формате MARC21

Поле Инд. ПП Название Значение
Тип записи a
Библиографический уровень m
001 Контрольный номер 9cd95deb-4e18-4cbf-b0a7-13a7edca3810
005 Дата корректировки 20131112072157.9
008 Кодируемые данные 010502 d
020 c Цена, тираж 14.00
040 a Служба первич. каталог. НБ ТвГУ
041 a Код языка текста rus
080 a Индекс УДК 947.0
a Индекс УДК 323.17(100)(091)
084 a Индекс другой классификации/Индекс ББК Т3(2)0-03
a Индекс другой классификации/Индекс ББК Т3(0)0
090 x Авторский знак О-53
a Полочн. индекс Т3(2)
100 1_ a Автор Олех Леонид Григорьевич
245 10 a Заглавие Реформы и регионализм в России
n Номер части/ раздела Вып. 1
b Продолж. заглавия Учеб. пособие
c Ответственность Л. Г. Олех; Новосиб. гос. ун-т. Ин-т переподгот. и повышения квалификации преподавателей гуманит. и социал. наук
c Ответственность Новосиб. гос. ун-т
c Ответственность Ин-т переподгот. и повышения квалификации преподавателей гуманит. и социал. наук
260 0_ a Место издания Новосибирск
c Дата издания 2000
b Издательство Изд-во Новосиб. ун-та
300 a Объем 93,[1] с.
440 a Серия Учебник НГУ
504 a Библиография Библиогр.: с.91.
583 a Действие Получение впервые 126 12.03.2001
k Исполнитель действия Обмен
650 a Основная рубрика Россия
x Основная подрубрика История
x Основная подрубрика Реформы
z Географическая подрубрика Сибирь
z Географическая подрубрика СССР
650 a Основная рубрика Регионализм
650 a Основная рубрика Федерализм
x Основная подрубрика Мировой опыт
653 a Ключевые слова История России
a Ключевые слова История СССР
a Ключевые слова История США
a Ключевые слова Регионализм
a Ключевые слова Регионы России
a Ключевые слова Реформы
a Ключевые слова Россия
a Ключевые слова Сибирь
a Ключевые слова Субъекты Федерации
a Ключевые слова Федерализм
888 a Бесплатные
952 p 126.2001 14.00 1 732292
c Вид литературы К ру
954 a Дата поступления на обработку 20010419